000 00254nam a2200109Ia 4500
008 190216s9999||||xx |||||||||||||| ||und||
100 _aSoviet Nad
245 0 _aC P S U Charithra Gattangal
260 _bGrantha Shala
650 _aMalayalam
942 _cBK
999 _c26265
_d26265